MARC

Tag First Indicator Second Indicator Subfields
LEADER 00000cam a2200000 a 4500
001 in00000006997
005 20151004070028.0
008 861118r19861921mduabf b f00110aeng
010 |a  86031139  
020 |a 087021795X :  |c $19.95 
035 |a (OCoLC)14932038 
035 |9 AAA1460AM 
040 |a DLC  |c DLC  |d m/c  |d TXA  |d UtOrBLW 
043 |a e-uk--- 
049 |a TXAM  |c [A10923613]  |a TXAS [mil]  |c 2 
050 0 0 |a D581  |b .Y65 1986 
082 0 |a 940.54/5941  |2 19 
100 1 |a Young, Filson,  |d 1876-1938. 
245 1 0 |a With the battle cruisers /  |c by Filson Young ; with an introduction and notes by James Goldrick. 
264 1 |a Annapolis, Md. :  |b Naval Institute Press,  |c [1986] 
300 |a xx, 295 pages, 2 unnumbered folded leaves of plates :  |b illustrations, maps ;  |c 23 cm. 
336 |a text  |b txt  |2 rdacontent 
337 |a unmediated  |b n  |2 rdamedia 
338 |a volume  |b nc  |2 rdacarrier 
490 1 |a Classics of naval literature 
500 |a Reprint. Originally published: London ; New York : Cassel, 1921. 
504 |a Includes bibliographical references and index. 
600 1 0 |a Young, Filson,  |d 1876-1938. 
650 0 |a World War, 1914-1918  |x Naval operations, British. 
650 0 |a World War, 1914-1918  |v Personal narratives, English. 
650 0 |a Battle cruisers  |z Great Britain  |x History  |y 20th century. 
600 1 0 |a Beatty, David Beatty,  |c Earl,  |d 1871-1936. 
610 1 0 |a Great Britain.  |b Royal Navy  |x Biography. 
650 0 |a Sailors  |z Great Britain  |v Biography. 
830 0 |a Classics of naval literature. 
999 |a MARS 
999 f f |s fa6401f6-c5e9-30a7-9cd3-d117550eafa3  |i b32dadb7-cf27-3619-bb1d-7787ef7b0e97  |t 0 
952 f f |p noncirc  |a Texas A&M University  |b J.J. Pickle Campus  |c High Density Repository  |d Remote Storage  |t 0  |e D581 .Y65 1986  |h Library of Congress classification  |i unmediated -- volume  |m A14852139097 
952 f f |p ric  |a Texas A&M University  |b Rellis Campus  |c Joint Library Facility  |d Remote Storage  |t 0  |e D581 .Y65 1986  |h Library of Congress classification  |i unmediated -- volume  |m A14810923613 
998 f f |a D581 .Y65 1986  |t 0  |l Remote Storage 
998 f f |a D581 .Y65 1986  |t 0  |l Remote Storage